Ciudad Bolívar: la hoguera de las ilusiones

Este libro muestra historias de vida que ofrecen la inmensa posibilidad de aprender ya no como sombra de la memoria olvidada, sino como escritura contemporánea, ese devenir de huellas que tanto nos acosan.

Salvato in:
Dettagli Bibliografici
Autore principale: Alape, Arturo
Natura: Libro
Lingua:Spanish
Pubblicazione: Bogotá: Planeta Colombiana Editores, 1996
Edizione:3 ed.
Serie:Colección documento
Soggetti:
Accesso online:Enlace del recurso
Tags: Aggiungi Tag
Nessun Tag, puoi essere il primo ad aggiungerne! !

MARC

LEADER 00000nam a2200000 a 4500
001 000636
008 030325s1996 ck # fr# #000|0#spa#d
020 |a 958-614-426-7 
041 0 |a spa 
043 |a s-ck--- 
082 0 4 |a 305.569  |b A416c 
100 1 |a Alape, Arturo 
245 1 0 |a Ciudad Bolívar:  |b la hoguera de las ilusiones   |c Arturo Alape 
250 |a 3 ed. 
260 |a Bogotá:  |b Planeta Colombiana Editores,  |c 1996 
300 |a 272 p.:  |b il. 
440 0 |a Colección documento 
504 |a Incluye bibliografía. 
520 3 |a Este libro muestra historias de vida que ofrecen la inmensa posibilidad de aprender ya no como sombra de la memoria olvidada, sino como escritura contemporánea, ese devenir de huellas que tanto nos acosan. 
650 1 4 |a PROBLEMAS SOCIALES  |z COLOMBIA 
650 1 4 |a CRÓNICAS PERIODÍSTICAS 
999 |c 2788  |d 2788 
856 |u https://catalogo.idep.edu.co/cgi-bin/koha/opac-detail.pl?biblionumber=2788  |z Enlace del recurso